000 00333nam a2200145Ia 4500
005 20251222143313.0
008 251222s9999||||xx |||||||||||||| ||spa||
020 _a84-344-3911-5
082 _a001.42 B92
100 _aBunge, Mario
245 0 _aLa investigación científica
250 _a4a.
264 _b Ariel
942 _cLIB
999 _c15782
_d15782